000 00907nam a2200253Ia 4500
003 OSt
005 20220923211333.0
006 a|||||r|||| 00| 0
007 ta
008 220922b |||||||| |||| 00| 0 pan d
020 _a9788182991804 (hbk)
_c200
024 _a335,681
037 _bSP/5382, 17/03/2018, Star Publications (Pvt.) Ltd.
_cTextual
040 _aARTS
_cARTS
_bpan
041 _2pan
_apan
082 _aQ8441:25:g, 153N2;Q7
100 _aਸਿੰਘ, ਮਨਜੀਤ, ਥਦ.
245 0 _aਗੁਰਬਾਣੀ ਦਾ ਰਹਾਉ Fਾਸਤਰ
260 _aਦਿੱਲੀ
_b ਆਰਸੀ ਪਬਲਿFਰਗ਼
_c2017
300 _a118ਪ0
_ccm.
650 _aਸਿੱਖ ਧਰਮ
_9156314
942 _hQ8441:25:g, 153N2;Q7
_cTEXL
_2CC
999 _c298594
_d298594